[Event "Titled Tuesday intern op 12th Mar Early"]
[Site "Chess.com INT"]
[Date "2024.03.12"]
[Round "3"]
[White "Kobak, Polina"]
[Black "Badelka, Olga"]
[Result "0-1"]
[WhiteElo "2027"]
[BlackElo "2377"]
[PlyCount "90"]
[EventDate "2024.03.12"]
[EventType "swiss (blitz)"]
[EventRounds "11"]
[EventCountry "USA"]
[SourceTitle "CB12_2024"]
[SourceDate "2023.10.01"]
[SourceVersion "1"]
[SourceVersionDate "2023.10.01"]
[SourceQuality "1"]

1. d4 d5 2. c4 dxc4 3. e4 Nf6 4. e5 Nd5 5. Bxc4 Nb6 6. Bd3 Nc6 7. Ne2 Bg4 8. f3 Bh5 9. Be3 e6 10. 0-0 Bg6 11. Nbc3 Bxd3 12. Qxd3 Nb4 13. Qd1 Be7 14. f4 N4d5 15. Bf2 0-0 16. Rc1 Nc4 17. Nxd5 Qxd5 18. b3 Nb6 19. Rxc7 Rfe8 20. Qd2 Rac8 21. Rfc1 Rxc7 22. Rxc7 Rc8 23. Rxc8+ Nxc8 24. Qc2 Nb6 25. h3 h6 26. Qc7 Bb4 27. Qb8+ Kh7 28. Qxa7 Nd7 29. Qa4 Bd2 30. Qc4 Qe4 31. Qb5 Nb8 32. Ng3 Qb1+ 33. Kh2 Nc6 34. Qxb7 Nb4 35. Qe4+ Qxe4 36. Nxe4 Bxf4+ 37. g3 Bc1 38. a4 Kg6 39. a5 f5 40. exf6 gxf6 41. Be1 Na6 42. b4 Be3 43. b5 Nc7 44. Bc3 f5 45. b6 Na6 0-1

[Event "Chigorin Memorial 28th"]
[Site "St Petersburg"]
[Date "2021.10.25"]
[Round "3"]
[White "Nurgaliyeva, Zarina"]
[Black "Kobak, Polina"]
[Result "0-1"]
[WhiteElo "1949"]
[BlackElo "1694"]
[PlyCount "120"]
[EventDate "2021.10.23"]
[EventType "swiss"]
[EventRounds "9"]
[EventCountry "RUS"]
[SourceTitle "EXT 2023"]
[Source "ChessBase"]
[SourceDate "2022.10.05"]
[SourceVersion "1"]
[SourceVersionDate "2022.10.05"]
[SourceQuality "1"]

1. e4 e6 2. d4 d5 3. Nd2 c5 4. exd5 Qxd5 5. Ngf3 cxd4 6. Bc4 Qd8 7. 0-0 Nc6 8. Nb3 a6 9. Nbxd4 Nxd4 10. Nxd4 Qc7 11. Bd3 Bd6 12. Re1 Bxh2+ 13. Kh1 Be5 14. Nxe6 Bxe6 15. Qh5 Nf6 16. Qxe5 Qxe5 17. Rxe5 0-0 18. Re1 Rac8 19. c3 Rfd8 20. Bc2 Nd5 21. Bg5 Rd7 22. Rad1 h6 23. Bh4 g5 24. Bg3 Nb6 25. Rxd7 Nxd7 26. Rd1 Nc5 27. a3 Kg7 28. Be5+ f6 29. Bd4 h5 30. Re1 Kf7 31. f3 h4 32. Kh2 b5 33. g3 Nb3 34. Be3 Rh8 35. Rd1 hxg3+ 36. Kxg3 Na5 37. Bc1 Nc4 38. Re1 Ne5 39. Kg2 Bd5 40. Be4 Bxe4 41. fxe4 Rh4 42. Re3 Rg4+ 43. Kh2 Nc4 44. Re2 Ke6 45. b3 Nd6 46. Bb2 Rxe4 47. Rd2 f5 48. Kg2 f4 49. a4 bxa4 50. bxa4 Nc4 51. Rf2 Nxb2 52. Rxb2 Rxa4 53. Kf3 Kf5 54. Rc2 g4+ 55. Kf2 g3+ 56. Kf3 Re4 57. Ra2 Re3+ 58. Kg2 Kg4 59. Rxa6 f3+ 60. Kf1 g2+ 0-1

[Event "EU-ch Hybrid U14 Girls"]
[Site "Tornelo INT"]
[Date "2021.10.15"]
[Round "7"]
[White "Zhapova, Yana"]
[Black "Kobak, Polina"]
[Result "0-1"]
[WhiteElo "2315"]
[BlackElo "1694"]
[PlyCount "76"]
[EventDate "2021.10.15"]
[EventType "swiss"]
[EventRounds "9"]
[EventCountry "NET"]
[SourceTitle "EXT 2023"]
[Source "ChessBase"]
[SourceDate "2022.10.05"]
[SourceVersion "1"]
[SourceVersionDate "2022.10.05"]
[SourceQuality "1"]
[WhiteTeam "Russia"]
[BlackTeam "Russia"]
[WhiteTeamCountry "RUS"]
[BlackTeamCountry "RUS"]

1. e4 c5 2. Nf3 Nc6 3. d4 cxd4 4. Nxd4 Nf6 5. Nc3 e5 6. Ndb5 d6 7. Bg5 a6 8. Na3 b5 9. Nd5 Be7 10. Bxf6 Bxf6 11. c4 b4 12. Nc2 a5 13. g3 0-0 14. Bg2 Be6 15. 0-0 Bxd5 16. cxd5 Nd4 17. Nxd4 exd4 18. Bh3 Qb6 19. Qd3 Ra7 20. Rac1 Rc7 21. Rfd1 Re8 22. Rxc7 Qxc7 23. Rd2 Qe7 24. Rc2 g6 25. f3 h5 26. Bf1 h4 27. Qb5 hxg3 28. hxg3 d3 29. Bxd3 Qa7+ 30. Kg2 Rd8 31. Qa6 Qe3 32. Re2 Qc5 33. Qc6 Rc8 34. Rc2 Rxc6 35. dxc6 Bc3 36. a3 Qxc6 37. axb4 axb4 38. bxc3 b3 0-1

[Event "Pardubice Czech op-D 30th"]
[Site "Pardubice"]
[Date "2019.07.23"]
[Round "5"]
[White "Kobak, Polina"]
[Black "Fiala, Jan2222"]
[Result "0-1"]
[WhiteElo "1546"]
[BlackElo "1641"]
[PlyCount "130"]
[EventDate "2019.07.20"]
[EventType "swiss"]
[EventRounds "9"]
[EventCountry "CZE"]
[SourceTitle "EXT 2020"]
[Source "ChessBase"]
[SourceDate "2019.10.17"]
[SourceVersion "1"]
[SourceVersionDate "2019.10.17"]
[SourceQuality "1"]

1. d4 Nf6 2. c4 e5 3. dxe5 Ng4 4. Bf4 Bb4+ 5. Nc3 Bxc3+ 6. bxc3 Nc6 7. Nf3 Qe7 8. Qd5 Qa3 9. Rc1 Qxa2 10. h3 Nh6 11. e4 Ng8 12. Ng5 Nd8 13. Qd2 Qxd2+ 14. Kxd2 h6 15. Nf3 Ne6 16. Be3 b6 17. Bd3 Ne7 18. Nh2 Ng6 19. Ra1 Nxe5 20. f4 Nxd3 21. Kxd3 Bb7 22. Nf3 d6 23. Ra2 Nc5+ 24. Bxc5 dxc5 25. Re2 0-0-0+ 26. Kc2 Rhe8 27. Rhe1 Rd7 28. e5 g6 29. Rd2 Rxd2+ 30. Kxd2 a5 31. Kc2 Ba6 32. Kb3 Kb7 33. g4 a4+ 34. Ka3 Bxc4 35. Nd2 Bd3 36. Kxa4 b5+ 37. Kb3 c4+ 38. Kb2 Re6 39. Nf3 c5 40. g5 h5 41. h4 Ra6 42. Rd1 Be2 43. Rd7+ Kc8 44. Rxf7 Bxf3 45. f5 gxf5 46. Rxf5 Bg4 47. Rf7 Re6 48. Rf8+ Kc7 49. Rf7+ Kc6 50. Rf8 Rxe5 51. g6 Re7 52. Rf7 Re8 53. g7 Rg8 54. Kc1 Kd6 55. Kd2 b4 56. cxb4 cxb4 57. Rb7 Kc5 58. Rc7+ Kb5 59. Rb7+ Ka4 60. Kc2 Bf5+ 61. Kb2 c3+ 62. Ka1 Kb3 63. Ra7 Bd3 64. Ra2 Rxg7 65. Rc2 Rg1+ 0-1

[Event "Wch U10 Girls rapid"]
[Site "Minsk"]
[Date "2018.06.22"]
[Round "2"]
[White "Kirdyashkina, Ekaterina"]
[Black "Kobak, Polina"]
[Result "0-1"]
[WhiteElo "1627"]
[BlackElo "1291"]
[PlyCount "88"]
[EventDate "2018.06.22"]
[EventType "swiss (rapid)"]
[EventRounds "9"]
[EventCountry "BLR"]
[SourceTitle "EXT 2019"]
[Source "ChessBase"]
[SourceDate "2018.10.10"]
[SourceVersion "1"]
[SourceVersionDate "2018.10.10"]
[SourceQuality "1"]

1. e4 e6 2. d4 d5 3. exd5 exd5 4. c4 Nf6 5. Nc3 Bb4 6. Be3 0-0 7. Be2 dxc4 8. Bxc4 Nc6 9. Nge2 Ne7 10. 0-0 Ned5 11. Nxd5 Nxd5 12. Qb3 Nxe3 13. fxe3 Qe7 14. Nf4 Bd6 15. g3 c6 16. a4 Bxf4 17. Rxf4 Be6 18. Bxe6 fxe6 19. Raf1 Rxf4 20. Rxf4 Rf8 21. Re4 Re8 22. Re5 b6 23. Qc4 Qd6 24. Qc3 c5 25. Kg2 cxd4 26. exd4 Rd8 27. Qc4 Kf7 28. Qf1+ Kg8 29. Qc4 Kf7 30. Rf5+ Ke7 31. Re5 Kf7 32. Rf5+ Ke7 33. Rg5 Kf6 34. Re5 Kf7 35. Qf1+ Kg8 36. Qc4 Kf7 37. Qf1+ Kg8 38. Qc4 Kf7 39. Qe2 Qxd4 40. Rxe6 Qd5+ 41. Re4 Kg8 42. Kg1 Qc5+ 43. Re3 Qc1+ 44. Qf1 Qxe3+ 0-1